000 00411nam a2200181Ia 4500
001 5151
005 20260306145847.0
008 260306t1999||||xx |||||||||||||| ||spa||
041 _aESP
082 _a335.6
_bF97
100 _aFuret, François
_eAUT
245 0 _aFascismo y comunismo
260 _c1999
300 _a125 páginas :
_c17 cm.
650 _aGEN
654 _aCHU
942 _cLIB
_dJUS
_fJUS
_2ddc
_n
999 _c5151
_d5151